00740nam a2200217 a 450000100060000000300090000600800410001502000150005604000280007108200180009910000430011724500480016026000290020830000080023759000360024565000200028165000390030194200120034099900170035295201530036913931CO-ViMGA141112s2004 ck r 000 u spa d a8480131608 aCO-ViMGAbspacCO-ViMGA04a796.323 A533b1 aAlderete, Jose L.; Osma, Jorge 92031810aBaloncesto : btecnica individual defensiva aMadrd : bGymnos, c1998 a123 aForma de adquisición : Compra14aBALONCESTO967914aENTRENAMIENTO DE BALONCESTO920319 2ddccBK c24633d24633 00102ddc40708003aMEVIECARbMEVIECARd2015-12-04hVolumen. 1 | 11/jun/2009l0o796.323 A533b p13931r2015-12-04 00:00:00tEj. 1w2015-12-04yBK